| 000 | 00759 a2200217 4500 | ||
|---|---|---|---|
| 999 |
_c8967 _d8967 |
||
| 020 | _a9781846612589 (hbk. | ||
| 050 | 0 | 0 | _aKD2079 MUL2011 |
| 100 | 1 | _aMullen, Mark | |
| 245 | 1 | 0 |
_aCompanies limited by guarantee / _cMark Mullen, Josh Lewison. |
| 250 | _a3rd ed. | ||
| 264 |
_aBristol: _bJordan Publishing, _c2011 |
||
| 300 | _axxv, 233 p. ; | ||
| 500 | _aRev. ed. of: Companies limited by guarantee / Elizabeth West. 2nd ed. 2004. | ||
| 504 | _aIncludes bibliographical references and index. | ||
| 650 | 0 | _aCorporation law | |
| 700 | 1 | _aLewison, Josh. | |
| 700 | 1 |
_aWest, Elizabeth, _d1969- _tCompanies limited by guarantee. |
|
| 710 | 2 | _aManches (Firm) | |
| 942 |
_2lcc _cBK _h2079 _iMUL _kKD |
||